000 00466nam a2200169 a 4500
005 20240808063827.0
008 991125c19771991mx 000 0 spa u
035 _aUPN01000032016
049 _aCG
050 4 _aQK52
_bC7.58 1977
100 1 _aCronquist, Arthur
245 1 0 _aIntroducción a la botánica /
_cArthur Conquist ; tr. Antonio Merino Ambrosio.
260 _aMéxico :
_bCECSA,
_c1977.
300 _a848 p.
650 4 _aBotánica
_9764
905 _aLibro
999 _c32016
_d32016